Northernmost Cities & Towns by Category - Statistics

General Stats
  • This quiz has been taken 11 times
  • The average score is 4 of 8
Answer Stats
Category Hint Answer % Correct
Capital City Iceland Reykjavík
100%
1-9,999,999 Finland Helsinki
82%
>10,000,000 Russia Moscow
82%
1-99,999 Norway Tromsø
55%
1-9,999 Norway Longyearbyen
45%
Any Settlement Canada Alert
18%
1-999,999 Russia Norilsk
9%
<1000 Norway Ny-Ålesund
9%
No matching quizzes found
Score Distribution
Percent of People with Each Score
Percentile by Number Answered
Your Score History
You have not taken this quiz